Jeux vidéo par Emojis - Statistiques

Statistiques générales
  • Ce quiz a été pris 12 247 fois
  • Le résultat moyen est 5 sur 10
Statistiques - réponses
Emojis Jeux % Correct
Mario
98%
Sonic
74%
Minecraft
70%
Pac-Man
60%
The Legend of Zelda
56%
Animal Crossing
44%
Tetris
39%
Space Invaders
35%
Street Fighter
29%
Earthworm Jim
5%
Aucun quiz correspondant
Distribution des résultats
% des personnes avec chaque résultat
Percentile par nombre de réponses
Votre historique - résultats
Vous n’avez pas pris ce quiz